000 00619nam a2200217Ia 4500
003 OSt
005 20220923230725.0
006 a|||||r|||| 00| 0
007 ta
008 Pun
024 _a305,090
037 _cTextual
040 _aARTS
_cARTS
_bPun
041 _2Pun
_aPun
082 _aU8.3'N69, 153L3
100 _aਰਾਣਾ, ਮਨਜੀਤ ਸਿੰਘ
_9156315
245 0 _aਭਾਰਤ ਤੋ੍ਵ ਇੰਗਲੈ੍ਵਡ ਅਤੇ ਕੈਨੇਡਾ
260 _c1973
942 _hU8.3'N69, 153L3
_cTEXL
_2CC
999 _c386893
_d386893